MARC details
| 000 -CABECERA |
| campo de control de longitud fija |
00893cam a2200241 a 4500 |
| 001 - NÚMERO DE CONTROL |
| campo de control |
000008456 |
| 005 - FECHA Y HORA DE LA ÚLTIMA TRANSACCIÓN |
| campo de control |
20200929161338.0 |
| 008 - DATOS DE LONGITUD FIJA--INFORMACIÓN GENERAL |
| campo de control de longitud fija |
810828s1980 ck 000 f spa d |
| 040 ## - FUENTE DE LA CATALOGACIÓN |
| Centro catalogador/agencia de origen |
DO-SdBNP |
| Centro/agencia transcriptor |
DLC |
| Centro/agencia modificador |
DLC |
| 082 ## - NÚMERO DE LA CLASIFICACIÓN DECIMAL DEWEY |
| Número de clasificación |
A863.4 |
| Número de documento/Ítem |
C827q |
| 049 ## - FONDOS LOCALES (OCLC) |
| Fondos de biblioteca |
BNGR |
| 100 1# - ENTRADA PRINCIPAL--NOMBRE DE PERSONA |
| Nombre de persona |
Cortázar, Julio, |
| Fechas asociadas al nombre |
1914-1984 |
| 9 (RLIN) |
10688 |
| 245 10 - MENCIÓN DE TÍTULO |
| Título |
Queremos tanto a Glenda / |
| Mención de responsabilidad, etc. |
Julio Cortázar. |
| 260 ## - PUBLICACIÓN, DISTRIBUCIÓN, ETC. |
| Lugar de publicación, distribución, etc. |
Bogotá, Colombia : |
| Nombre del editor, distribuidor, etc. |
La Oveja Negra; |
| Lugar de publicación, distribución, etc. |
México, D. F. : |
| Nombre del editor, distribuidor, etc. |
Nueva Imagen, |
| Fecha de publicación, distribución, etc. |
1980. |
| 300 ## - DESCRIPCIÓN FÍSICA |
| Extensión |
139 p. ; |
| Dimensiones |
20 cm. |
| 505 0# - NOTA DE CONTENIDO CON FORMATO |
| Nota de contenido con formato |
I. Orientación de los gatos. -- Queremos tanto a Glenda. -- Historia con migalas. |
| 505 0# - NOTA DE CONTENIDO CON FORMATO |
| Nota de contenido con formato |
II. Texto en una libreta. -- Recortes de prensa. -- Tango de vuelta. |
| 505 0# - NOTA DE CONTENIDO CON FORMATO |
| Nota de contenido con formato |
III. Clone -- Grafitti -- Historias que me cuento -- Anillo de Moebius. |
| 650 #4 - PUNTO DE ACCESO ADICIONAL DE MATERIA--TÉRMINO DE MATERIA |
| Término de materia o nombre geográfico como elemento de entrada |
Novela argentina |
| 9 (RLIN) |
3941 |
| 650 #4 - PUNTO DE ACCESO ADICIONAL DE MATERIA--TÉRMINO DE MATERIA |
| Término de materia o nombre geográfico como elemento de entrada |
Literatura argentina |
| 9 (RLIN) |
3860 |
| 910 ## - DATOS DE OPCIÓN DEL USUARIO (OCLC) |
| Datos de opción del usuario |
Catalogación derivada |
| 910 ## - DATOS DE OPCIÓN DEL USUARIO (OCLC) |
| Datos de opción del usuario |
WM |